Statistics for 2021 Australian Champions Sport

Click here to take the quiz!

General Stats

  • This quiz has been taken 3 times
  • The average score is 4 of 13

Answer Stats

Competition / EventAnswer% Correct
AFL - MenMelbourne Demons
100%
NRL - MenPenrith Panthers
100%
AFL - WomenBrisbane Lions
67%
STATE OF ORIGIN - MenNSW Blues
33%
STATE OF ORIGIN - WomenQLD Maroons
33%
BIG BASH - MEN (2020-21)Sydney Sixers
33%
ABL - BASEBALL 2020Melbourne Aces
0%
A-LEAGUE (2020-21)Melbourne City FC
0%
NBL (2020-21)Melbourne United
0%
W-LEAGUE (2020-21)Melbourne Victory
0%
SUPER NETBALLNSW Swifts
0%
SUPER RUGBY (2020-21)QLD Reds
0%
MELBOURNE CUPVery Elleegant
0%

Score Distribution

Percentile by Number Answered

Percent of People with Each Score

Your Score History

You have not taken this quiz